| 000 | 00681nam a2200145 a 4500 | ||
|---|---|---|---|
| 008 | 120416s1969 ||||||||||||||||| || u | ||
| 050 | _aGB 1399.2 Flo | ||
| 245 | 1 | 0 | _aFloods and their computation |
| 246 | _aproceedings of the Leningrad symposium, August 1967 | ||
| 260 |
_aGentbrwgge _bIASH-Unesco-WMO _c1969 |
||
| 300 | _a589p. : ill. | ||
| 350 | _a0.00 | ||
| 995 |
_aBINDERY (DAMAGED) _D0.00 _e716766 _FCBU-MAIN LIBRARY (Kitwe) _H2 _I9.30 _jGB 1399.2 Flo _M2 _UDAMAGED _WFeb 23, 2007 _y002220 _ZMain Library Open Access Collection |
||
| 995 |
_aMAIN LIBRARY OPEN ACCESS _D0.00 _e002219 _FCBU-MAIN LIBRARY (Kitwe) _H1 _I9.30 _jGB 1399.2 Flo _UAVAILABLE _y002219 _ZMain Library Open Access Collection |
||
| 999 |
_c63176 _d63176 |
||